Normal view
MARC view
Entry Personal Name
001 - CONTROL NUMBER
- control field: 51733
003 - CONTROL NUMBER IDENTIFIER
- control field: ARRUPE
005 - DATE AND TIME OF LATEST TRANSACTION
- control field: 20220520095543.0
008 - FIXED-LENGTH DATA ELEMENTS
- fixed length control field: 220520|| aca||aabn | a|a d
040 ## - CATALOGING SOURCE
- Original cataloging agency: ARRUPE
- Transcribing agency: ARRUPE
100 ## - HEADING--PERSONAL NAME
- Personal name: Ziegler ,W.David
670 ## - SOURCE DATA FOUND
- Source citation: Work cat.: (ARRUPE)131482: Ziegler ,W.David, War,peace,and international politics, 1984.